La nouvelle économie climatique : (Registro nro. 17916)

Detalles MARC
000 -CABECERA
Campo de control 00882nam a22002417a 4500
005 - FECHA Y HORA DE LA ULTIMA TRANSACCION
Campo de control 20180803170208.0
008 - ELEMENTOS DE LONGITUD FIJA—INFORMACION GENERAL
Campo de control 151222t2015 fr ||||| |||| 00| 0 fre d
020 ## - ISBN
ISBN 9782363831781
040 ## - FUENTE DE CATALOGACIÓN
Agencia catalogadora original CO-BoIAVH
Agencia transcriptora CO-BoIAVH
041 0# - IDIOMA
Código de idioma para texto/pista de sonido o título separado Francés
044 ## - PAÍS DE PUBLICACIÓN
País de publicación Francia
082 04 - NUMERO DE CLASIFICACION DECIMAL DEWEY
Número de clasificación 304.25
Número del ítem N93e
245 13 - MENCION DE TITULO
Título La nouvelle économie climatique :
Parte restante del título une meilleure croissance, un meilleur climat
260 3# - PUBLICACION, DISTRIBUCION, ETC. (PIE DE IMPRENTA)
Lugar de publicación, distribución, etc. París (Francia) :
Nombre del editor, distribuidor, etc. The Global Commission on the Economy and Climate :
-- Les petits Martíns,
Fecha de publicación, distribución, etc. 2015.
300 ## - DESCRIPCION FISICA
Extensión 218 páginas :
Otros detalles físicos gráficas ;
Dimensiones 21 x 14 cm.
650 #6 - ASIENTO SECUNDARIO DE MATERIA - TERMINO TEMATICO
Término temático o nombre geográfico como elemento de entrada Economía
Subdivisión general Cambio climático
9 (RLIN) 45254
650 #6 - ASIENTO SECUNDARIO DE MATERIA - TERMINO TEMATICO
Término temático o nombre geográfico como elemento de entrada Cambio climático
9 (RLIN) 98479
650 #6 - ASIENTO SECUNDARIO DE MATERIA - TERMINO TEMATICO
Término temático o nombre geográfico como elemento de entrada Cambio climático
Subdivisión general Aspectos económicos
9 (RLIN) 45256
650 #6 - ASIENTO SECUNDARIO DE MATERIA - TERMINO TEMATICO
Término temático o nombre geográfico como elemento de entrada Cambio climático
Subdivisión general Innovación
9 (RLIN) 45257
700 1# - ASIENTO SECUNDARIO - NOMBRE PERSONAL
Nombre personal Calderón, Felipe
Término de relación Director
9 (RLIN) 45258
700 1# - ASIENTO SECUNDARIO - NOMBRE PERSONAL
Nombre personal Stern, Nicholas
Término de relación Director
9 (RLIN) 45259
942 ## - ELEMENTOS ADICIONALES (KOHA)
Sistema de clasificación Dewey Decimal Classification
Tipo de ítem Libro
Existencias
Withdrawn status Lost status Sistema de Clasificación Damaged status No para préstamo Colección Inventariado Ubicación Permanente Ubicación actual Fecha de adquisición Fuente de Valor Valor Total Checkouts Número topográfico Inventario / Código de Barras Date last seen Ejemplar Price effective from Tipo de material
    Dewey Decimal Classification     General Inventariado 2017 Bogotá Bogotá 22/12/2015 Instituto 39000.00   LB-304.25 N93e 039561 22/12/2015 Ej. 1 22/12/2015 Libro